[Event "COL pre olympic sf3"]
[Site "Dosquebradas"]
[Date "2018.05.31"]
[Round "3"]
[White "Norena Marin, Jeronimo"]
[Black "Renteria, Jakson Alexander"]
[Result "0-1"]
[WhiteElo "1348"]
[BlackElo "1649"]
[PlyCount "50"]
[EventDate "2018.05.30"]
[EventType "swiss"]
[EventRounds "10"]
[EventCountry "COL"]
[SourceTitle "CBM 184 Extra"]
[Source "ChessBase"]
[SourceDate "2018.06.28"]
[SourceVersion "1"]
[SourceVersionDate "2018.06.28"]
[SourceQuality "1"]

1. e4 c5 2. Nf3 e6 3. d4 cxd4 4. Nxd4 Nc6 5. Be3 a6 6. Nc3 Qc7 7. Bd3 Nf6 8. 0-0 Be7 9. Qd2 b5 10. a3 Bb7 11. Rfe1 Ng4 12. Bf4 d6 13. Bg5 Nxd4 14. Bxe7 Qxe7 15. Qf4 Ne5 16. Rad1 0-0 17. Bf1 Ndc6 18. Rd2 Rfd8 19. Red1 h6 20. Be2 Rac8 21. Bh5 Nc4 22. Re2 Nxb2 23. Rdd2 Na5 24. Na2 Nac4 25. Rd4 e5 0-1

[Event "Madrid Oliver Gonzalez Memorial 2nd"]
[Site "Madrid"]
[Date "2011.10.09"]
[Round "2"]
[White "Salgado Duarte, Pablo"]
[Black "Renteria, Jakson Alexander"]
[Result "0-1"]
[WhiteElo "1484"]
[BlackElo "2319"]
[PlyCount "68"]
[EventDate "2011.10.08"]
[EventType "swiss"]
[EventRounds "9"]
[EventCountry "ESP"]
[SourceTitle "CBM 144 Extra"]
[Source "ChessBase"]
[SourceDate "2011.10.28"]
[SourceVersion "1"]
[SourceVersionDate "2011.10.28"]
[SourceQuality "1"]

1. d4 Nf6 2. c4 c5 3. Nf3 cxd4 4. Nxd4 e5 5. Nf3 e4 6. Nd4 Nc6 7. Nc3 Bc5 8. Nxc6 bxc6 9. e3 0-0 10. Be2 d5 11. 0-0 Be6 12. cxd5 cxd5 13. Qc2 Rc8 14. Qa4 Qd6 15. Rd1 Qe5 16. Nb5 Bd7 17. Qb3 Rb8 18. Qa4 Qe8 19. Qc2 Bxb5 20. Bxb5 Qxb5 21. a4 Qb3 22. Qe2 Bd6 23. Rd2 Rfc8 24. Rd4 Be5 25. Rd2 Qc4 26. Qd1 h5 27. Rb1 Rb3 28. Re2 Qd3 29. Qxd3 Rxd3 30. Bd2 Rc2 31. Rd1 Rxb2 32. Kf1 Ng4 33. g3 Nxh2+ 34. Kg2 Nf3 0-1

[Event "Medellin Cuartas Memorial B"]
[Site "Medellin"]
[Date "2011.08.05"]
[Round "3.29"]
[White "Restrepo Sierra, Luis Arley"]
[Black "Renteria, Jakson Alexander"]
[Result "1-0"]
[WhiteElo "1610"]
[BlackElo "1706"]
[PlyCount "69"]
[EventDate "2011.08.03"]
[EventType "swiss"]
[EventRounds "8"]
[EventCountry "COL"]
[SourceTitle "EXT 2024"]
[Source "ChessBase"]
[SourceDate "2023.10.10"]
[SourceVersion "1"]
[SourceVersionDate "2023.10.10"]
[SourceQuality "1"]

1. e4 c5 2. Nf3 e6 3. d4 cxd4 4. Nxd4 Nc6 5. Nc3 a6 6. Be3 Qc7 7. a3 Nf6 8. g3 b5 9. Bg2 Bb7 10. 0-0 Be7 11. f4 d6 12. g4 h6 13. Qf3 Nxd4 14. Bxd4 e5 15. Be3 0-0 16. g5 hxg5 17. fxg5 Nh7 18. Qh5 Qd8 19. h4 Bc8 20. Rxf7 Be6 21. Rxf8+ Nxf8 22. Rf1 Qe8 23. Qd1 g6 24. Nd5 Bd8 25. Bf3 Kg7 26. h5 gxh5 27. Bxh5 Qc6 28. Qf3 Ng6 29. c3 Qb7 30. Nf6 Be7 31. Bxg6 Rf8 32. Qh5 Rh8 33. Bh7 Rxh7 34. Qxh7+ Kf8 35. Qh8+ 1-0

[Event "Medellin Amateur op"]
[Site "Medellin"]
[Date "2011.04.23"]
[Round "6.23"]
[White "Betancur, Juan Carlos"]
[Black "Renteria, Jakson Alexander"]
[Result "1-0"]
[WhiteElo "1600"]
[BlackElo "1641"]
[PlyCount "30"]
[EventDate "2011.04.20"]
[EventType "swiss"]
[EventRounds "9"]
[EventCountry "COL"]
[SourceTitle "EXT 2024"]
[Source "ChessBase"]
[SourceDate "2023.10.10"]
[SourceVersion "1"]
[SourceVersionDate "2023.10.10"]
[SourceQuality "1"]

1. e4 c5 2. Nf3 e6 3. d4 cxd4 4. Nxd4 Nc6 5. Nb3 h6 6. Bd3 Qc7 7. 0-0 Nf6 8. a3 d5 9. Re1 Bd6 10. Nc3 dxe4 11. Nxe4 Nxe4 12. Bxe4 0-0 13. Qh5 g6 14. Qh4 Be5 15. c3 Bg7 1-0

[Event "Medellin Amateur op"]
[Site "Medellin"]
[Date "2011.04.23"]
[Round "7.26"]
[White "Renteria, Jakson Alexander"]
[Black "Munoz, Juan Manuel1111"]
[Result "1-0"]
[WhiteElo "1641"]
[BlackElo "1600"]
[PlyCount "91"]
[EventDate "2011.04.20"]
[EventType "swiss"]
[EventRounds "9"]
[EventCountry "COL"]
[SourceTitle "EXT 2024"]
[Source "ChessBase"]
[SourceDate "2023.10.10"]
[SourceVersion "1"]
[SourceVersionDate "2023.10.10"]
[SourceQuality "1"]

1. Nf3 g6 2. g3 Bg7 3. Bg2 d6 4. d3 Nf6 5. 0-0 0-0 6. e4 e5 7. Bg5 c6 8. c3 Qb6 9. Qd2 Be6 10. Re1 Nbd7 11. d4 Rad8 12. d5 cxd5 13. exd5 Bg4 14. Nh4 Nc5 15. Qc2 h6 16. Be3 Qc7 17. h3 Bd7 18. Nd2 Nh7 19. Kh2 f5 20. Nxg6 Rf6 21. Nh4 Rdf8 22. Nf1 Ng5 23. f4 Nh7 24. fxe5 dxe5 25. Nd2 R8f7 26. Ndf3 e4 27. Bf4 Qd8 28. Ne5 Re7 29. Nhg6 Re8 30. Bf1 b5 31. b4 Nd3 32. Bxd3 exd3 33. Qxd3 Rxe5 34. Nxe5 Be8 35. Rad1 Rd6 36. Nc6 Bxc6 37. Bxd6 Bd7 38. c4 bxc4 39. Qxc4 Ng5 40. Kg2 Qf6 41. Be5 Qg6 42. Bxg7 Kxg7 43. Re7+ Kf6 44. Rxd7 Qh5 45. Qd4+ Kg6 46. Rg7# 1-0

[Event "Antioquia Region-ch C"]
[Site "Medellin"]
[Date "2011.??.??"]
[Round "6.8"]
[White "Renteria, Jakson Alexander"]
[Black "Castano Ochoa, Clemente"]
[Result "1-0"]
[WhiteElo "1641"]
[BlackElo "1691"]
[PlyCount "85"]
[EventDate "2011.03.03"]
[EventType "swiss"]
[EventRounds "7"]
[EventCountry "COL"]
[SourceTitle "EXT 2024"]
[Source "ChessBase"]
[SourceDate "2023.10.10"]
[SourceVersion "1"]
[SourceVersionDate "2023.10.10"]
[SourceQuality "1"]

1. Nf3 d5 2. g3 Nf6 3. Bg2 c5 4. 0-0 Nc6 5. d3 e5 6. Nbd2 h6 7. e4 dxe4 8. Nxe4 Nxe4 9. dxe4 Qxd1 10. Rxd1 Be7 11. c3 Be6 12. Be3 f6 13. Nh4 Kf7 14. b3 Rhd8 15. Bf3 g5 16. Ng2 Kg6 17. h4 h5 18. hxg5 fxg5 19. Ne1 b6 20. Nc2 Rxd1+ 21. Rxd1 Rd8 22. Kg2 g4 23. Be2 h4 24. gxh4 Rxd1 25. Bxd1 Bxh4 26. Be2 Ne7 27. Na3 Bg5 28. Bxg5 Kxg5 29. Nb5 Nc6 30. Kg3 Kh5 31. Nc7 Bf7 32. Bxg4+ Kg5 33. Bd7 Ne7 34. Bb5 Bg6 35. Kf3 Bh5+ 36. Ke3 Ng8 37. Ne6+ Kf6 38. Nd8 Bg4 39. Nc6 a5 40. f4 exf4+ 41. Kxf4 Bd7 42. e5+ Ke6 43. Bc4# 1-0

[Event "American Continental 04th"]
[Site "Cali"]
[Date "2007.07.20"]
[Round "11"]
[White "Renteria, Jakson Alexander"]
[Black "Santiago Lastra, Nefi"]
[Result "1-0"]
[WhiteElo "2252"]
[BlackElo "2106"]
[PlyCount "91"]
[EventDate "2007.07.10"]
[EventType "swiss"]
[EventRounds "11"]
[EventCountry "COL"]
[SourceTitle "CBM 119 Extra"]
[Source "ChessBase"]
[SourceDate "2007.09.04"]
[SourceVersion "1"]
[SourceVersionDate "2007.09.04"]
[SourceQuality "1"]

1. e4 d5 2. exd5 Nf6 3. d4 Nxd5 4. Bc4 Nf6 5. Nf3 Bg4 6. Bxf7+ Kxf7 7. Ne5+ Ke8 8. Nxg4 Nc6 9. Nxf6+ exf6 10. Be3 Qd5 11. 0-0 Rd8 12. Nc3 Qf5 13. Re1 Kf7 14. Qe2 Bd6 15. Qc4+ Kg6 16. Nb5 h5 17. Nxd6 Rxd6 18. c3 h4 19. h3 a6 20. a4 Rc8 21. Rad1 b5 22. axb5 axb5 23. Qe2 Ra8 24. Ra1 Ra5 25. Qg4+ Qxg4 26. hxg4 Rd7 27. f3 Kf7 28. Bf2 g5 29. g3 h3 30. Kh2 Rxa1 31. Rxa1 Re7 32. Re1 Na5 33. Rxe7+ Kxe7 34. d5 Nb3 35. f4 Kd6 36. fxg5 fxg5 37. Be3 Kxd5 38. Bxg5 c5 39. Kxh3 c4 40. Be3 Na5 41. Kh4 Nc6 42. Kh5 Ne5 43. g5 Ke6 44. g6 Ke7 45. Bc5+ Ke6 46. Kh6 1-0

[Event "American Continental 04th"]
[Site "Cali"]
[Date "2007.07.19"]
[Round "10"]
[White "Guerrero Sierra, Juan Carlos"]
[Black "Renteria, Jakson Alexander"]
[Result "0-1"]
[WhiteElo "2144"]
[BlackElo "2252"]
[PlyCount "92"]
[EventDate "2007.07.10"]
[EventType "swiss"]
[EventRounds "11"]
[EventCountry "COL"]
[SourceTitle "CBM 119 Extra"]
[Source "ChessBase"]
[SourceDate "2007.09.04"]
[SourceVersion "1"]
[SourceVersionDate "2007.09.04"]
[SourceQuality "1"]

1. d4 Nf6 2. c4 c5 3. d5 b5 4. cxb5 a6 5. bxa6 g6 6. g3 Bxa6 7. Bg2 d6 8. Nf3 Bg7 9. 0-0 0-0 10. Nc3 Nbd7 11. Qc2 Ng4 12. Rb1 Qa5 13. Rd1 Rfb8 14. Bd2 Nge5 15. Nxe5 Nxe5 16. b3 Qa3 17. Bc1 Qa5 18. Bd2 Qa3 19. Bc1 Qa5 20. a4 c4 21. Bd2 cxb3 22. Rxb3 Rc8 23. Bh3 Bxe2 24. Bxc8 Nf3+ 25. Kg2 Bxd1 26. Nxd1 Qxd2 27. Qxd2 Nxd2 28. Rd3 Rxc8 29. Rxd2 Rc1 30. Ne3 Ra1 31. Rc2 Rxa4 32. Rc8+ Bf8 33. Nc4 Ra7 34. Rd8 f5 35. h4 Kf7 36. h5 Bg7 37. hxg6+ hxg6 38. Rc8 Bd4 39. f4 Bc5 40. Kh3 Ra4 41. Nd2 Ra3 42. Nc4 Ra2 43. Rc7 Kf6 44. g4 fxg4+ 45. Kxg4 Ra4 46. Nb2 Rd4 0-1

[Event "American Continental 04th"]
[Site "Cali"]
[Date "2007.07.16"]
[Round "7"]
[White "Zambrana, Oswaldo"]
[Black "Renteria, Jakson Alexander"]
[Result "1-0"]
[WhiteElo "2511"]
[BlackElo "2252"]
[PlyCount "53"]
[EventDate "2007.07.10"]
[EventType "swiss"]
[EventRounds "11"]
[EventCountry "COL"]
[SourceTitle "CBM 119 Extra"]
[Source "ChessBase"]
[SourceDate "2007.09.04"]
[SourceVersion "1"]
[SourceVersionDate "2007.09.04"]
[SourceQuality "1"]

1. e4 c5 2. Nf3 d6 3. d4 cxd4 4. Nxd4 Nf6 5. Nc3 a6 6. Bg5 e6 7. f4 Be7 8. Qf3 Qc7 9. 0-0-0 Nbd7 10. g4 b5 11. Bxf6 Nxf6 12. g5 Nd7 13. f5 Nc5 14. f6 gxf6 15. gxf6 Bf8 16. Rg1 h5 17. Re1 Nd7 18. Nxe6 fxe6 19. f7+ Ke7 20. Rg6 Qc5 21. Rxe6+ Kxe6 22. Nd5 Nf6 23. Qxf6+ Kd7 24. b4 Rh6 25. Bh3+ Kc6 26. Qd8 Rh8 27. Qc7# 1-0

[Event "American Continental 04th"]
[Site "Cali"]
[Date "2007.07.12"]
[Round "3"]
[White "Barros, Raul"]
[Black "Renteria, Jakson Alexander"]
[Result "0-1"]
[WhiteElo "2056"]
[BlackElo "2252"]
[PlyCount "76"]
[EventDate "2007.07.10"]
[EventType "swiss"]
[EventRounds "11"]
[EventCountry "COL"]
[SourceTitle "CBM 119 Extra"]
[Source "ChessBase"]
[SourceDate "2007.09.04"]
[SourceVersion "1"]
[SourceVersionDate "2007.09.04"]
[SourceQuality "1"]

1. Nf3 c5 2. e3 Nf6 3. d4 e6 4. Bd3 b6 5. 0-0 Bb7 6. b3 Be7 7. Bb2 0-0 8. Nbd2 d5 9. Ne5 Nbd7 10. f4 Qc7 11. Qe1 Ne4 12. c4 Nxd2 13. Qxd2 Nxe5 14. fxe5 dxc4 15. bxc4 Bg5 16. Qe2 g6 17. Rae1 Bh6 18. Qg4 Bg7 19. h4 Rae8 20. Rf6 Qe7 21. Ref1 cxd4 22. exd4 Qb4 23. Qe2 b5 24. a3 Qa4 25. Rc1 bxc4 26. Rxc4 Qd7 27. Rc1 Bxf6 28. exf6 e5 29. Bb5 Qd5 30. dxe5 Qxg2+ 31. Qxg2 Bxg2 32. a4 Bh3 33. Ba3 Rc8 34. Rd1 Rfd8 35. Bd6 Rc2 36. Rb1 Rdc8 37. Ba3 Ra2 38. Bc1 Rcc2 0-1

[Event "Bogota Sub zt 2.3.4"]
[Site "Bogota"]
[Date "2006.12.21"]
[Round "6"]
[White "Beltran, Carlos Armando"]
[Black "Renteria, Jakson Alexander"]
[Result "1/2-1/2"]
[WhiteElo "2281"]
[BlackElo "2302"]
[PlyCount "54"]
[EventDate "2006.12.18"]
[EventType "swiss"]
[EventRounds "9"]
[EventCountry "COL"]
[SourceTitle "CBM 116 Extra"]
[Source "ChessBase"]
[SourceDate "2007.03.07"]
[SourceVersion "1"]
[SourceVersionDate "2007.03.07"]
[SourceQuality "1"]

1. d4 Nf6 2. Nf3 c5 3. e3 e6 4. Be2 d5 5. 0-0 Bd6 6. b3 0-0 7. Bb2 cxd4 8. exd4 Nc6 9. Nbd2 Qe7 10. Re1 Ba3 11. Qc1 Bxb2 12. Qxb2 Rd8 13. Bd3 Bd7 14. a3 Be8 15. Ne5 Nxe5 16. Rxe5 Rac8 17. h3 Qd6 18. Nf3 a6 19. Re3 Bb5 20. Nd2 Bxd3 21. Rxd3 Rc7 22. a4 Qc6 23. c4 dxc4 24. bxc4 h6 25. a5 Nh5 26. g3 Nf6 27. Re1 Qa4 1/2-1/2

[Event "Bogota Sub zt 2.3.4"]
[Site "Bogota"]
[Date "2006.12.20"]
[Round "5"]
[White "Ossa, Orlando Jose"]
[Black "Renteria, Jakson Alexander"]
[Result "0-1"]
[WhiteElo "2182"]
[BlackElo "2302"]
[PlyCount "64"]
[EventDate "2006.12.18"]
[EventType "swiss"]
[EventRounds "9"]
[EventCountry "COL"]
[SourceTitle "CBM 116 Extra"]
[Source "ChessBase"]
[SourceDate "2007.03.07"]
[SourceVersion "1"]
[SourceVersionDate "2007.03.07"]
[SourceQuality "1"]

1. e4 e5 2. Nf3 Nc6 3. d4 exd4 4. Bc4 Bc5 5. 0-0 Nf6 6. e5 d5 7. exf6 dxc4 8. Re1+ Be6 9. Ng5 Qd5 10. Nc3 Qf5 11. Nce4 Bb6 12. g4 Qg6 13. f4 gxf6 14. f5 Qg7 15. Nxf6+ Qxf6 16. Nxe6 Kd7 17. Bg5 d3+ 18. Kh1 Qxb2 19. Qf3 Rae8 20. cxd3 fxe6 21. fxe6+ Kc8 22. e7 Nxe7 23. Qf7 Qb5 24. Qe6+ Qd7 25. Bxe7 Qxe6 26. Rxe6 Kd7 27. Rae1 cxd3 28. R6e5 d2 29. Rd5+ Kc8 30. Ree5 Bc5 31. Re2 Bxe7 32. Ra5 Bb4 0-1

[Event "Bogota Sub zt 2.3.4"]
[Site "Bogota"]
[Date "2006.12.20"]
[Round "4"]
[White "Renteria, Jakson Alexander"]
[Black "Vittorino, Carlo Giovanni"]
[Result "1/2-1/2"]
[WhiteElo "2302"]
[BlackElo "2328"]
[PlyCount "114"]
[EventDate "2006.12.18"]
[EventType "swiss"]
[EventRounds "9"]
[EventCountry "COL"]
[SourceTitle "CBM 116 Extra"]
[Source "ChessBase"]
[SourceDate "2007.03.07"]
[SourceVersion "1"]
[SourceVersionDate "2007.03.07"]
[SourceQuality "1"]

1. e4 c5 2. Nf3 d6 3. d4 cxd4 4. Nxd4 Nf6 5. Nc3 Nc6 6. f3 e5 7. Nb3 Be6 8. Be3 Be7 9. Qd2 d5 10. exd5 Nxd5 11. Nxd5 Qxd5 12. Qxd5 Bxd5 13. 0-0-0 0-0-0 14. Be2 b6 15. Rd2 Nb4 16. Kb1 Be6 17. Rhd1 Nd5 18. Bf2 Bg5 19. Rd3 Rd7 20. h4 Bh6 21. g3 Rhd8 22. a3 f6 23. Re1 Kb8 24. Rdd1 Ne3 25. Rxd7 Rxd7 26. Bxe3 Bxe3 27. Bb5 Bf2 28. Bxd7 Bxd7 29. Rd1 Kc7 30. h5 f5 31. g4 fxg4 32. fxg4 e4 33. g5 Bg4 34. Rh1 Kd6 35. Rh2 e3 36. Nc1 Bf5 37. Ne2 Ke5 38. h6 g6 39. Kc1 Bg4 40. Kd1 Kf5 41. a4 Kxg5 42. Rg2 Kf5 43. Rxg4 Kxg4 44. c4 g5 45. b4 Kf5 46. c5 bxc5 47. b5 Ke6 48. a5 Kd6 49. Nc3 g4 50. Ke2 c4 51. Ne4+ Kc7 52. Nf6 g3 53. Kf3 c3 54. Nd5+ Kd6 55. Nxc3 Kc5 56. b6 axb6 57. axb6 Kxb6 1/2-1/2

[Event "Bogota Sub zt 2.3.4"]
[Site "Bogota"]
[Date "2006.12.18"]
[Round "1"]
[White "Renteria, Jakson Alexander"]
[Black "Guerrero Sierra, Juan Carlos"]
[Result "0-1"]
[WhiteElo "2302"]
[BlackElo "2073"]
[PlyCount "66"]
[EventDate "2006.12.18"]
[EventType "swiss"]
[EventRounds "9"]
[EventCountry "COL"]
[SourceTitle "CBM 116 Extra"]
[Source "ChessBase"]
[SourceDate "2007.03.07"]
[SourceVersion "1"]
[SourceVersionDate "2007.03.07"]
[SourceQuality "1"]

1. e4 c5 2. Nf3 d6 3. d4 cxd4 4. Qxd4 Nc6 5. Bb5 Bd7 6. Bxc6 Bxc6 7. Nc3 Nf6 8. Bg5 e6 9. 0-0-0 Be7 10. Rhe1 0-0 11. Kb1 Qc7 12. Bxf6 gxf6 13. Qd3 Kh8 14. Nd4 Rg8 15. g3 Rad8 16. f4 d5 17. Nxc6 bxc6 18. exd5 cxd5 19. f5 d4 20. Ne4 e5 21. Qa6 Rb8 22. Qd3 Bb4 23. Rf1 Rgc8 24. b3 Qa5 25. a4 Bc3 26. Ka2 Rb4 27. Nxc3 Rxc3 28. Qe4 d3 29. Qa8+ Kg7 30. Rxd3 Rxa4+ 31. bxa4 Qxa4+ 32. Kb2 Qxc2+ 33. Ka1 Qxd3 0-1

[Event "Minneapolis HB Global op"]
[Site "Minneapolis"]
[Date "2005.05.22"]
[Round "9"]
[White "Wojtkiewicz, Aleksander"]
[Black "Renteria, Jakson Alexander"]
[Result "1-0"]
[WhiteElo "2535"]
[BlackElo "2295"]
[PlyCount "75"]
[EventDate "2005.05.18"]
[EventType "swiss"]
[EventRounds "9"]
[EventCountry "USA"]
[SourceTitle "CBM 107"]
[Source "ChessBase"]
[SourceDate "2005.08.01"]
[SourceVersion "1"]
[SourceVersionDate "2005.08.01"]
[SourceQuality "1"]

1. Nf3 c5 2. c4 Nf6 3. Nc3 b6 4. d4 cxd4 5. Nxd4 Bb7 6. f3 e6 7. e4 d6 8. Be2 Be7 9. 0-0 0-0 10. Be3 a6 11. Qd2 Nbd7 12. Rfd1 Qc7 13. Rac1 Rac8 14. Bf1 Rfe8 15. a3 Qb8 16. b4 Bd8 17. Nb3 Bc7 18. Bf4 Ne5 19. Bxe5 dxe5 20. c5 b5 21. a4 bxa4 22. Nxa4 Bc6 23. Nb2 a5 24. Nxa5 Bxa5 25. bxa5 Bb5 26. Bxb5 Qxb5 27. Qc3 Ra8 28. Ra1 Rec8 29. Nd3 Nd7 30. Rdb1 Qa6 31. Kh1 h6 32. Nb4 Qb5 33. Nd3 Qa6 34. Rc1 Rc7 35. c6 f6 36. Nb2 Qa7 37. Qd2 Nc5 38. Qd6 1-0

[Event "Minneapolis HB Global op"]
[Site "Minneapolis"]
[Date "2005.05.20"]
[Round "4"]
[White "Renteria, Jakson Alexander"]
[Black "Mitkov, Nikola"]
[Result "0-1"]
[WhiteElo "2295"]
[BlackElo "2530"]
[PlyCount "51"]
[EventDate "2005.05.18"]
[EventType "swiss"]
[EventRounds "9"]
[EventCountry "USA"]
[SourceTitle "CBM 107"]
[Source "ChessBase"]
[SourceDate "2005.08.01"]
[SourceVersion "1"]
[SourceVersionDate "2005.08.01"]
[SourceQuality "1"]

1. e4 e5 2. Nf3 Nc6 3. d4 exd4 4. Nxd4 Qh4 5. Nc3 Bb4 6. Ndb5 Ba5 7. Be2 a6 8. Nd4 Bxc3+ 9. bxc3 Nf6 10. Nxc6 dxc6 11. e5 Ng4 12. Qd4 Be6 13. h3 Rd8 14. Qf4 g5 15. Qf3 Qh6 16. Qg3 f5 17. exf6 Nxf6 18. Bxg5 Qg7 19. Bxf6 Qxf6 20. Bh5+ Kf8 21. 0-0 Rg8 22. Qe3 Rd5 23. Bg4 Bxg4 24. hxg4 Rxg4 25. Rfe1 Rg8 26. Rad1 0-1

[Event "Benidorm Bali op-A"]
[Site "Benidorm"]
[Date "2003.11.21"]
[Round "1"]
[White "Pons Servera, Cristobal"]
[Black "Renteria, Jakson Alexander"]
[Result "0-1"]
[WhiteElo "2133"]
[BlackElo "2281"]
[PlyCount "134"]
[EventDate "2003.11.21"]
[EventType "swiss"]
[EventRounds "9"]
[EventCountry "ESP"]
[SourceTitle "CBM 097 Extra"]
[Source "ChessBase"]
[SourceDate "2004.01.13"]
[SourceVersion "1"]
[SourceVersionDate "2004.01.13"]
[SourceQuality "1"]

1. Nf3 c5 2. g3 b6 3. Bg2 Bb7 4. 0-0 Nf6 5. c4 e6 6. Nc3 Be7 7. e3 0-0 8. d4 d6 9. d5 e5 10. Nh4 g6 11. e4 Ne8 12. Bh6 Ng7 13. Qd2 Na6 14. f4 exf4 15. Rxf4 f6 16. Raf1 Nc7 17. Bxg7 Kxg7 18. Rg4 Rf7 19. Nf5+ Kh8 20. Nxe7 Qxe7 21. Qh6 Kg8 22. e5 Qxe5 23. Re4 Qg5 24. Qxg5 fxg5 25. Rfe1 Bc8 26. Re7 Bf5 27. g4 Bxg4 28. Rxf7 Kxf7 29. Ne4 Rd8 30. Nxg5+ Kg8 31. Nxh7 Kxh7 32. Re7+ Kh6 33. Rxc7 Rd7 34. Rc6 Kg5 35. a4 Be2 36. Bh3 Rd8 37. Bf1 Bd1 38. Rc7 a5 39. Rc6 Kf4 40. Rxb6 Ke4 41. Ra6 Ke5 42. Rxa5 Bc2 43. Rb5 Kd4 44. b4 Bf5 45. bxc5 dxc5 46. Rb2 Ra8 47. Rd2+ Kc3 48. Rd1 Bc2 49. Re1 Kd4 50. d6 Rd8 51. d7 Rxd7 52. Re2 Kc3 53. Re5 Kb4 54. Re6 Bf5 55. Re5 Rd2 56. h4 Rd4 57. h5 Rg4+ 58. Kf2 Rf4+ 59. Kg2 gxh5 60. Be2 Bg4 61. Kg3 Rd4 62. Bf1 h4+ 63. Kf2 Rf4+ 64. Kg1 Bd1 65. Re3 Bb3 66. Re1 Bxc4 67. Rb1+ Bb3 0-1